000 00433nam a2200181Ia 4500
005 20250603145229.0
008 250603s9999 xx 000 0 und d
020 _a8171695256
050 _aDS 485.K27 .G36/
100 _aGanjoo, S.K.
245 0 _aKashmir, history and politics
260 _aNew Delhi
260 _bCommonwealth Publishers Ltd.
260 _c2019
300 _a296 p
650 _aNew Delhi
942 _cBK
999 _c41254
_d41254